| 000 | 00667nam a2200193 4500 | ||
|---|---|---|---|
| 999 |
_c171929 _d171929 |
||
| 005 | 20200123130038.0 | ||
| 010 | _aENG-127531 | ||
| 020 |
_c1495.00 _a9789385995590 |
||
| 035 | _aEN-111063 | ||
| 037 | _bDBAD/PUB | ||
| 082 | _a327.54051 | ||
| 100 | _aRathore,Harsh Vardhan | ||
| 245 |
_aSino India Towards Grave Confrontation/ _cby Harsh Vardhan Rathore |
||
| 260 |
_aNew Delhi _bLenin Media _c2019 |
||
| 270 |
_a204,2nd floor,Durga Complex,CSC.Mayur Vihar-II, _bNew Delhi _e110092 _mleninmediapublishers@gmail.com |
||
| 300 |
_aix;316p. _c22cm(hb) |
||
| 500 | _aincludes bibliographical references and index | ||
| 942 |
_2ddc _cEN _h327.54051 _mRat |
||